000 00934nam a2200229Ia 4500
001 L248-15729
003 IT-CnALBA
008 170116s9999||||xx |||||||||||||| ||und||
040 _aIT-CnALBA
_cIT-CnALBA
041 _aITALIANO
100 _aPITIGLIANI RICCARDO, CSSR.
245 0 _aCONTRIBUTO DI DOCUMENTI NUOVI ALLE CONTROVERSIE SULL' " IMITAZIONE DI CRISTO ". SAGGIO BIBLIOGRAFICO-CRITICO.
250 _a1a ed.
260 _aMILANO
_bVITA E PENSIERO. SOCIETÀ EDITRICE
_c1935 [1° Ed.:1935 - Ed.Ling.Originale: 1935]
300 _a110 p.
500 _aESTRATTO DA "AEVUM ", RIVISTA DI SCIENZE STORICHE, LINGUISTICHE FILOLOGICHE '
501 _aSocietà San Paolo EM - Piazza San Paolo, 14 - 12051 ALBA (CN) (non commercial uses only) ® Copyright 2017
520 _aESTRATTO DA "AEVUM ", RIVISTA DI SCIENZE STORICHE, LINGUISTICHE FILOLOGICHE '
650 _aASCETICA E MISTICA
942 _cBK
957 _71
999 _a20479
_bSI
_g Copie: 1
_c274898
_d274898